Tablice rejestracyjne woj. świętokrzyskie - Statystyki

Ogólne statystyki
  • Ten quiz został rozwiązany 58 razy
  • Średni wynik to 7 z 14
Statystyki odpowiedzi
% Poprawnych
TK Kielce
100%
TKI powiat kielecki
58%
TBU powiat buski
52%
TJE powiat jędrzejowski
52%
TOP powiat opatowski
52%
TSK powiat skarżyski
52%
TKA powiat kazimierski
48%
TOS powiat ostrowiecki
48%
TSA powiat sandomierski
48%
TST powiat starachowicki
48%
TLW powiat włoszczowski
48%
TKN powiat konecki
45%
TSZ powiat staszowski
45%
TPI powiat pińczowski
42%
Nie znaleziono quizów pasujących do podanych kryteriów
Rozkład punktacji
Procent ludzi z każdym wynikiem
Percentyl według liczby udzielonych odpowiedzi
Twoja historia wyników
Nie rozwiązałeś tego quizu